| 000 | 00461nam a2200193 a 4500 | ||
|---|---|---|---|
| 001 | 230 | ||
| 003 | CO-ViMGA | ||
| 008 | 141112s2004 ck r 000 u spa d | ||
| 040 |
_aCO-ViMGA _bspa _cCO-ViMGA |
||
| 082 | 0 | 4 | _a839.736 G74h3 |
| 100 | 1 | _aGripe, María | |
| 245 | 1 | 0 |
_aHugo / _cMarìa Gripe |
| 250 | _a5a | ||
| 260 |
_aMadrid : _bS.M, _c1988 |
||
| 300 | _a136 p : il | ||
| 490 | _aEl barco de vapor, 99 | ||
| 650 | 1 | 4 | _aCUENTOS SUECOS |
| 942 |
_2ddc _cBK |
||
| 999 |
_c12477 _d12477 |
||